Administración de producción y operaciones (Registro nro. 64)

Detalles MARC
000 -LEADER
fixed length control field 01712 a2200253 4500
001 - CONTROL NUMBER
control field 87
005 - DATE AND TIME OF LATEST TRANSACTION
control field 20260407155407.0
008 - FIXED-LENGTH DATA ELEMENTS--GENERAL INFORMATION
fixed length control field 260407a2000 arg spa d
003 - CONTROL NUMBER IDENTIFIER
control field AR-UNSa-BCEJYS
040 ## - CATALOGING SOURCE
Original cataloging agency AR-UNSa-BCEJYS
Language of cataloging spa
Transcribing agency AR-UNSa-BCEJYS
080 ## - UNIVERSAL DECIMAL CLASSIFICATION NUMBER
Universal Decimal Classification number 658.5
Common auxiliary subdivision Planificación y control de la producción<br/>
020 ## - INTERNATIONAL STANDARD BOOK NUMBER
International Standard Book Number 978-958-41-0071-9
100 1# - MAIN ENTRY--PERSONAL NAME
Personal name Chase, Richard B.
245 10 - TITLE STATEMENT
Title Administración de producción y operaciones
Name of part/section of a work manufactura y servicios
250 ## - EDITION STATEMENT
Edition statement 8a. ed
264 #1 - PRODUCTION, PUBLICATION, DISTRIBUTION, MANUFACTURE, AND COPYRIGHT NOTICE
Place of production, publication, distribution, manufacture Bogotá :
Name of producer, publisher, distributor, manufacturer McGraw-Hill
Date of production, publication, distribution, manufacture, or copyright notice 2000
300 ## - PHYSICAL DESCRIPTION
Extent xx, 885 p.
Dimensions 27 cm
505 ## - FORMATTED CONTENTS NOTE
Formatted contents note 1. Intoducción al tema - 2. Estrategia de operaciones y competitividad - 3. Gerencia de proyectos - 4. Diseños del producto y selección del proceso,Manufactura - 5. Diseño del producto y selección del proceso,Servicios - 6. Gerenci de calidad - 7. Planeación estratégica de la capacidad - 8. Sistema de producción justo a tiempo.JIT - 9. Ubicación de las instalaciones - 10. Distribución de las instalaciones - 11. Diseño de cargos y medición del trabajo - 12. Manejo de la cadena de suministros - 13. Proyección - 14. Planeación total - 15. Sistemas de inventario para la demanda independiente - 16. Sistemas de inventario para la demanda dependiente.Sistemas de tipo MRP - 17. Programación de las operaciones - 18. Consultoria de operaciones - 19. Reingenieria de los procesos empresariales - 20. Manufactura sincrónica y teoría de las restricciones
590 ## - LOCAL NOTE (RLIN)
Local note niveau_biblio:m niveau_hierar:0
700 1# - ADDED ENTRY--PERSONAL NAME
Personal name Aquilano, Nicholas J
700 1# - ADDED ENTRY--PERSONAL NAME
Personal name Jacobs, F. Robert
856 41 - ELECTRONIC LOCATION AND ACCESS
Uniform Resource Identifier <a href="https://biblioeco.unsa.edu.ar/pmb/images/libros/Administracion de produccion y operacion.jpg">https://biblioeco.unsa.edu.ar/pmb/images/libros/Administracion de produccion y operacion.jpg</a>
Link text Imagen de portada
Electronic format type image/jpeg
942 ## - ADDED ENTRY ELEMENTS (KOHA)
Koha item type
Existencias
Withdrawn status Lost status Damaged status Not for loan Home library Current library Shelving location Date acquired Total checkouts Full call number Barcode Date last seen Price effective from Koha item type
        Biblioteca Prof. Eusebio Cleto del Rey Biblioteca Prof. Eusebio Cleto del Rey   07/04/2026   658.5 C487a 8ed. L117402 07/04/2026 07/04/2026 Libro